000 00455nam a2200181Ia 4500
001 18263
005 20260306171618.0
008 260306s9999||||xx |||||||||||||| ||und||
041 _aESP
082 _a658.402
_bF83
100 _aFrench, Wendell L.
_eAUT
245 0 _aOrganization Development:
_bTheoty, practice, and research
260 _c1983
300 _a580 páginas :
_c25 cm.
650 _aGEN
654 _aCAN
942 _cLIB
_dJUS
_fJUS
_2ddc
_n
999 _c18263
_d18263